000
00203 a2200097 4500
001
47295
100
_a
Mccloughry E
245
_a
Defence
260
_a
London
_b
Atlantic books
_c
090
_c
30334
_d
30334
942
_a
NUST-CAE
_c
M
_c
22597
999
_c
282368
_d
282368